Представление документа в формате MARC21

Поле Инд. ПП Название Значение
Тип записи a
Библиографический уровень m
001 Контрольный номер 744e4b1f2e86415e85b79485542e2336
005 Дата корректировки 20260414110026.4
020 a ISBN 978-5-17-094716-4
c Цена, тираж 300-00
084 a Индекс другой классификации/Индекс ББК 84(2=411.2)1
090 a Полочн. индекс 84(2=411.2)1
c Каталожный индекс 84(2=411.2)1
x Авторский знак Г 82
091 i Возрастная адресация (DOS) 12+
097 b Оператор Максимова; Кондратьева
100 1_ a Автор Грибоедов А. С.
q Полное имя Грибоедов Александр Сергеевич
245 10 a Заглавие Горе от ума
b Продолж. заглавия сборник : [12+]
260 a Место издания Москва
b Издательство АСТ
c Дата издания 2020
300 a Объем 256 с.
440 _0 a Серия Эксклюзив: Русская классика
505 0_ a Форматированное содержание Горе от ума ; Молодые супруги ; Притворная неверность
900 a Имя макрообъекта о15774231
901 t Тип документа m